| 000 | 00665nam a2200169 i 4500 | ||
|---|---|---|---|
| 001 | 143370 | ||
| 003 | ES-MaACL | ||
| 005 | 20230906200807.0 | ||
| 007 | t| | ||
| 008 | 070214m19161917sp r ||||1| spa d | ||
| 100 | 1 |
_aSerrano Jiménez, César. _9105766 |
|
| 245 | 1 | 0 |
_aTrabajo de metales / _cCésar Serrano Jiménez. |
| 260 |
_aZaragoza : _b[s. n.], _c1916-17 ( _fTip. Hospicio Provincial) |
||
| 300 |
_a4 v. ( 2 v. texto y 2 v. atlas) ; _c26 y 37 cm. |
||
| 500 | _aContiene: 1ª parte . Moldería y forja -- 2ª parte . Máquinas herramientas : labra manual y mecánica de maderas : organización y administración de talleres. | ||
| 852 |
_aES-MaACL _jA-1160-63 |
||
| 999 |
_c143370 _d143370 |
||